00257nam a2200121Ia 45000030006000000080041000060400015000471000016000622450019000782600009000975460012001060050017001180STCL150530s9999 xx 000 0 und d aSTCLcSTCL aHerman Wouk aInside outside c1986 aEnglish20220125171347.0